La educación artística no son manualidades: nuevas prácticas en la enseñanza de las artes y la cultura visual
Saved in:
| Hovedforfatter: | |
|---|---|
| Format: | Bog |
| Sprog: | spansk |
| Udgivet: |
Madrid
Catarata
2014
|
| Udgivelse: | 3a. ed |
| Serier: | Los Libros de la Catarata, 495
|
| Fag: | |
| Tags: |
Tilføj Tag
Ingen Tags, Vær først til at tagge denne postø!
|
MARC
| LEADER | 00000cam a2200000 a 4500 | ||
|---|---|---|---|
| 001 | UCD3254 | ||
| 003 | CL-VaPUC | ||
| 008 | 160603e20140000sp |||||||||||||||||spa|d | ||
| 020 | |a 9788483199329 | ||
| 082 | 0 | 4 | |a 372.5 |b ACA |2 21 |
| 100 | 0 | |a Acaso, María |e author |9 586639 | |
| 245 | 1 | 3 | |a La educación artística no son manualidades: nuevas prácticas en la enseñanza de las artes y la cultura visual |
| 250 | |a 3a. ed | ||
| 300 | |a 238 p | ||
| 942 | |c BK | ||
| 945 | |d 20160603 11:42:00 |a cmena | ||
| 260 | |a Madrid |b Catarata |c 2014 | ||
| 650 | 0 | |a Educación artística |9 269035 | |
| 650 | 0 | |a Lenguaje visual |9 427572 | |
| 650 | 0 | |a Innovaciones pedagógicas |9 307471 | |
| 583 | |a last modification |c 20160603 11:42:00 |k Rodrigo Vera | ||
| 490 | 0 | |a Los Libros de la Catarata, 495 | |
| 999 | |c 364290 |d 364288 | ||
| 952 | |0 0 |1 0 |3 erb |4 0 |6 372_500000000000000_ACA_2014 |7 0 |8 A |9 477301 |a BIBEDU |b BIBEDU |i 5289394 |o 372.5 ACA 2014 |p 5289394 |r 2019-11-24 |w 2019-11-24 |y BK |z Catalogado en:20160603 |k EBA | ||